DEFECTOMETRY ANALYSIS OF SURFACE CONDITION DAMAGED WITH CORROSION PITTING

Bibliographic Details
Main Authors: Maruschak, Pavlo (Author), Guzanová, Anna, 1974- (Author), Konovalenko, Igor (Author), Sydor, Petro (Author), Panin, Sergey (Author)
Format: Article
Language:English
ISBN:9788055318165

MARC

LEADER 00000naa a2200000uu 4500
001 vtls011096165
003 SK-MaSNL
005 20260302111006.0
008 210909|2014 xo |||||||||||||||||eng|
015 |a SNBRA 
035 |a (urnnbn)urn:nbn:sk:snk:ar-a0cuhq 
035 |a (uuid)9e65fae3-4c8e-4bbb-b9c4-876e4a9a4069 
035 |a urn:nbn:sk:snk-aaw03g 
040 |a SNKBUCL  |b slo  |c SNKBUCL  |e AACR2 
041 0 |a eng 
044 |a xo  |c SK 
100 1 |a Maruschak, Pavlo  |4 aut  |9 414921 
245 1 0 |a DEFECTOMETRY ANALYSIS OF SURFACE CONDITION DAMAGED WITH CORROSION PITTING  |c Pavlo Maruschak, Anna Guzanová, Igor Konovalenko, Petro Sydor, Sergey Panin 
700 1 |a Guzanová, Anna,  |d 1974-  |4 aut  |9 196059 
700 1 |a Konovalenko, Igor  |4 aut  |9 787806 
700 1 |a Sydor, Petro  |4 aut  |9 787808 
700 1 |a Panin, Sergey  |4 aut  |9 787809 
773 0 |t Surface Engineering 2014 : book of Abstracts: International Scientific Conference, High Tatras, October 23-24, 2014  |d V Košiciach : Technická univerzita, 2014, 2014  |g S. 48  |z 9788055318165 
958 |a OND 
958 |a article12 
958 |a chapter 
999 |c 1245813  |d 1247743